Die Sammlung Boisserée : Konzeption und Rezeptionsgeschichte einer romantischen Kunstsammlung zwischen 1804 und 1827
Saved in:
| Main Author: | |
|---|---|
| Document Type: | Thesis Book |
| Language: | German |
| Published: |
München
: Fink
, 2003
|
| Series: | Neuzeit & Gegenwart
|
| Subjects: | |
| Online Access: | Rezension Rezension Rezension Inhaltsverzeichnis |
| Related Items: | Erscheint auch als:
Die Sammlung Boisserée Rezension: Blick zurück nach vorn Rezensiert in: [Rezension von: Heckmann, Uwe, Die Sammlung Boisserée, Konzeption und Rezeptionsgeschichte einer romantischen Kunstsammlung zwischen 1804 und 1827] Rezensiert in: [Rezension von: Heckmann, Uwe, Die Sammlung Boisserée, Konzeption und Rezeptionsgeschichte einer romantischen Kunstsammlung zwischen 1804 und 1827] Rezensiert in: [Die Sammlung Boisserée], in: Goethe-Jahrbuch Rezensiert in: [Rezension von: Uwe Heckmann, Die Sammlung Boisserée] |
| Author Notes: | Uwe Heckmann |
| LEADER | 08811cam a2201777 c 4500 | ||
|---|---|---|---|
| 001 | 357846923 | ||
| 003 | DE-627 | ||
| 005 | 20260613210430.0 | ||
| 007 | tu | ||
| 008 | 021210s2003 gw ||||| m 00| ||ger c | ||
| 015 | |a 03,H05,3633 |2 dnb | ||
| 016 | 7 | |a 966584066 |2 DE-101 | |
| 020 | |a 3770537661 |9 3-7705-3766-1 | ||
| 035 | |a (DE-627)357846923 | ||
| 035 | |a (DE-603)110677323 | ||
| 035 | |a (DE-576)103654836 | ||
| 035 | |a (DE-599)GBV357846923 | ||
| 035 | |a (OCoLC)723048524 | ||
| 035 | |a (OCoLC)237701365 | ||
| 035 | |a (OCoLC)54852899 | ||
| 040 | |a DE-627 |b ger |c DE-627 |e rakwb | ||
| 041 | |a ger | ||
| 044 | |c XA-DE | ||
| 050 | 0 | |a N5267.B65 | |
| 082 | 0 | |a 750.7443 |q SEPA | |
| 084 | |a 46 |2 sdnb | ||
| 084 | |a 9,10 |2 ssgn | ||
| 084 | |a LH 60400 |2 rvk |0 (DE-625)rvk/94195: | ||
| 084 | |a 07 |2 bwlb | ||
| 084 | |a 862 |2 bwlb | ||
| 084 | |a 20.00 |2 bkl | ||
| 100 | 1 | |a Heckmann, Uwe |d 1962- |0 (DE-588)115557407 |0 (DE-627)077327551 |0 (DE-576)289947979 |4 aut | |
| 245 | 1 | 4 | |a Die Sammlung Boisserée |b Konzeption und Rezeptionsgeschichte einer romantischen Kunstsammlung zwischen 1804 und 1827 |c Uwe Heckmann |
| 264 | 1 | |a München |b Fink |c 2003 | |
| 300 | |a 405 S. |b Ill. | ||
| 336 | |a Text |b txt |2 rdacontent | ||
| 337 | |a ohne Hilfsmittel zu benutzen |b n |2 rdamedia | ||
| 338 | |a Band |b nc |2 rdacarrier | ||
| 490 | 0 | |a Neuzeit & Gegenwart | |
| 502 | |a Teilw. zugl.: Marburg, Univ., Diss., 1996 | ||
| 505 | 8 | |a Literaturverz. S. [353]-390 | |
| 583 | 1 | |a Archivierung/Langzeitarchivierung gewährleistet |f SSG |x XA-DE-BW |2 pdager |5 DE-16 | |
| 600 | 1 | 0 | |a Boisserée, Melchior |x Art collections |
| 600 | 1 | 0 | |a Boisserée, Sulpiz |x Art collections |
| 600 | 1 | 0 | |a Bertram, Johann B. |
| 600 | 1 | 7 | |0 (DE-588)122892402 |0 (DE-627)706081609 |0 (DE-576)214495493 |a Bertram, Johann |d 1776-1841 |2 gnd |7 (dpeaa)DE-631 |
| 600 | 1 | 7 | |0 (DE-588)119315378 |0 (DE-627)225397420 |0 (DE-576)212075411 |a Boisserée, Melchior |d 1786-1851 |2 gnd |7 (dpeaa)DE-631 |
| 600 | 1 | 7 | |0 (DE-588)11851301X |0 (DE-627)136474802 |0 (DE-576)160355273 |a Boisserée, Sulpiz |d 1783-1854 |2 gnd |7 (dpeaa)DE-631 |
| 610 | 2 | 7 | |0 (DE-588)1086952030 |0 (DE-627)851452175 |0 (DE-576)458667404 |a Sammlung Boisserée |g München |2 gnd |7 (dpeaa)DE-631 |
| 648 | 7 | |a Geschichte 1800-1900 |2 gnd |7 (dpeaa)DE-631 | |
| 648 | 7 | |a Geschichte 1400-1530 |2 gnd | |
| 648 | 7 | |a Geschichte 1804-1827 |2 gnd | |
| 648 | 4 | |a Neuzeit 1800-1900 |0 (DE-631)35911 |7 (dpeaa)DE-631 | |
| 650 | 0 | |a Art |x Private collections |x Germany | |
| 650 | 0 | |a Art |x Germany |x Munich | |
| 650 | 0 | |a Painting, Medieval |x Germany | |
| 650 | 0 | |a Painting, German | |
| 650 | 0 | 7 | |0 (DE-588)4128844-0 |0 (DE-627)105714259 |0 (DE-576)209605545 |a Sammlung |2 gnd |7 (dpeaa)DE-631 |
| 650 | 0 | 7 | |0 (DE-588)4037220-0 |0 (DE-627)10623871X |0 (DE-576)209022892 |a Malerei |2 gnd |
| 650 | 0 | 7 | |0 (DE-588)4049716-1 |0 (DE-627)104675152 |0 (DE-576)209083182 |a Rezeption |2 gnd |
| 651 | 7 | |0 (DE-588)4023996-2 |0 (DE-627)106300814 |0 (DE-576)208952578 |a Heidelberg |2 gnd |7 (dpeaa)DE-631 | |
| 651 | 7 | |0 (DE-588)4058282-6 |0 (DE-627)106147811 |0 (DE-576)209125608 |a Stuttgart |2 gnd |7 (dpeaa)DE-631 | |
| 651 | 7 | |0 (DE-588)4011882-4 |0 (DE-627)104704861 |0 (DE-576)208896155 |a Deutschland |2 gnd | |
| 653 | 0 | |a Alte Pinakothek (Munich, Germany) | |
| 655 | 7 | |a Biografie |0 (DE-588)4006804-3 |0 (DE-627)104213493 |0 (DE-576)208867147 |2 gnd-content | |
| 655 | 7 | |a Hochschulschrift |0 (DE-588)4113937-9 |0 (DE-627)105825778 |0 (DE-576)209480580 |2 gnd-content | |
| 689 | 0 | 0 | |d p |0 (DE-588)11851301X |0 (DE-627)136474802 |0 (DE-576)160355273 |a Boisserée, Sulpiz |d 1783-1854 |2 gnd |
| 689 | 0 | 1 | |d s |0 (DE-588)4128844-0 |0 (DE-627)105714259 |0 (DE-576)209605545 |a Sammlung |2 gnd |
| 689 | 0 | |5 DE-101 | |
| 689 | 1 | 0 | |d p |0 (DE-588)119315378 |0 (DE-627)225397420 |0 (DE-576)212075411 |a Boisserée, Melchior |d 1786-1851 |2 gnd |
| 689 | 1 | 1 | |d s |0 (DE-588)4128844-0 |0 (DE-627)105714259 |0 (DE-576)209605545 |a Sammlung |2 gnd |
| 689 | 1 | |5 DE-101 | |
| 689 | 2 | 0 | |d g |0 (DE-588)4011882-4 |0 (DE-627)104704861 |0 (DE-576)208896155 |a Deutschland |2 gnd |
| 689 | 2 | 1 | |d s |0 (DE-588)4037220-0 |0 (DE-627)10623871X |0 (DE-576)209022892 |a Malerei |2 gnd |
| 689 | 2 | 2 | |a z |2 gnd |a Geschichte 1400-1530 |
| 689 | 2 | 3 | |d s |0 (DE-588)4128844-0 |0 (DE-627)105714259 |0 (DE-576)209605545 |a Sammlung |2 gnd |
| 689 | 2 | |5 DE-101 | |
| 689 | 3 | 0 | |d g |0 (DE-588)4011882-4 |0 (DE-627)104704861 |0 (DE-576)208896155 |a Deutschland |2 gnd |
| 689 | 3 | 1 | |d s |0 (DE-588)4037220-0 |0 (DE-627)10623871X |0 (DE-576)209022892 |a Malerei |2 gnd |
| 689 | 3 | 2 | |a z |2 gnd |a Geschichte 1400-1530 |
| 689 | 3 | 3 | |d s |0 (DE-588)4128844-0 |0 (DE-627)105714259 |0 (DE-576)209605545 |a Sammlung |2 gnd |
| 689 | 3 | 4 | |d s |0 (DE-588)4049716-1 |0 (DE-627)104675152 |0 (DE-576)209083182 |a Rezeption |2 gnd |
| 689 | 3 | 5 | |a z |2 gnd |a Geschichte 1804-1827 |
| 689 | 3 | |5 DE-101 | |
| 689 | 4 | 0 | |d p |0 (DE-588)11851301X |0 (DE-627)136474802 |0 (DE-576)160355273 |a Boisserée, Sulpiz |d 1783-1854 |2 gnd |
| 689 | 4 | 1 | |d s |0 (DE-588)4128844-0 |0 (DE-627)105714259 |0 (DE-576)209605545 |a Sammlung |2 gnd |
| 689 | 4 | |5 (DE-627) | |
| 689 | 5 | 0 | |d p |0 (DE-588)119315378 |0 (DE-627)225397420 |0 (DE-576)212075411 |a Boisserée, Melchior |d 1786-1851 |2 gnd |
| 689 | 5 | 1 | |d s |0 (DE-588)4128844-0 |0 (DE-627)105714259 |0 (DE-576)209605545 |a Sammlung |2 gnd |
| 689 | 5 | |5 (DE-627) | |
| 689 | 6 | 0 | |d g |0 (DE-588)4011882-4 |0 (DE-627)104704861 |0 (DE-576)208896155 |a Deutschland |2 gnd |
| 689 | 6 | 1 | |d s |0 (DE-588)4037220-0 |0 (DE-627)10623871X |0 (DE-576)209022892 |a Malerei |2 gnd |
| 689 | 6 | 2 | |a z |2 gnd |a Geschichte 1400-1530 |
| 689 | 6 | 3 | |d s |0 (DE-588)4128844-0 |0 (DE-627)105714259 |0 (DE-576)209605545 |a Sammlung |2 gnd |
| 689 | 6 | |5 (DE-627) | |
| 689 | 7 | 0 | |d g |0 (DE-588)4011882-4 |0 (DE-627)104704861 |0 (DE-576)208896155 |a Deutschland |2 gnd |
| 689 | 7 | 1 | |d s |0 (DE-588)4037220-0 |0 (DE-627)10623871X |0 (DE-576)209022892 |a Malerei |2 gnd |
| 689 | 7 | 2 | |a z |2 gnd |a Geschichte 1400-1530 |
| 689 | 7 | 3 | |d s |0 (DE-588)4128844-0 |0 (DE-627)105714259 |0 (DE-576)209605545 |a Sammlung |2 gnd |
| 689 | 7 | 4 | |d s |0 (DE-588)4049716-1 |0 (DE-627)104675152 |0 (DE-576)209083182 |a Rezeption |2 gnd |
| 689 | 7 | 5 | |a z |2 gnd |a Geschichte 1804-1827 |
| 689 | 7 | |5 (DE-627) | |
| 751 | |a Marburg |0 (DE-588)4037446-4 |0 (DE-627)106237454 |0 (DE-576)209024305 |4 uvp | ||
| 776 | 0 | 8 | |i Erscheint auch als |n Online-Ausgabe |a Heckmann, Uwe, 1962 - |t Die Sammlung Boisserée |d München : Fink, 2003 |h 405 S. |w (DE-627)1652439404 |w (DE-576)383348374 |z 3770537661 |
| 787 | 0 | 8 | |i Rezension |a Lohse, Nikolaus |t Blick zurück nach vorn |d 2004 |w (DE-627)750683570 |
| 787 | 0 | 8 | |i Rezensiert in |a Weidner, Thomas, 1963 - |t [Rezension von: Heckmann, Uwe, Die Sammlung Boisserée, Konzeption und Rezeptionsgeschichte einer romantischen Kunstsammlung zwischen 1804 und 1827] |d 2005 |w (DE-627)514471751 |
| 787 | 0 | 8 | |i Rezensiert in |a Weidner, Thomas, 1963 - |t [Rezension von: Heckmann, Uwe, Die Sammlung Boisserée, Konzeption und Rezeptionsgeschichte einer romantischen Kunstsammlung zwischen 1804 und 1827] |d 2005 |w (DE-627)1880422093 |
| 787 | 0 | 8 | |i Rezensiert in |a Thomas Weidner |t [Die Sammlung Boisserée], in: Goethe-Jahrbuch |g 122. 2005. - S. 385 - 387 |
| 787 | 0 | 8 | |i Rezensiert in |a Benner, Iris, 1969 - |t [Rezension von: Uwe Heckmann, Die Sammlung Boisserée] |d 2004 |w (DE-627)1919532234 |
| 787 | 0 | 8 | |i Rezensiert in |w (DE-603)179811908 |
| 787 | 0 | 8 | |i Rezensiert in |w (DE-603)293255113 |
| 856 | 4 | 2 | |u https://swbplus.bsz-bw.de/bsz103654836rez.htm |m V:DE-576 |v 2005-06-07 |3 Rezension |7 1 |
| 856 | 4 | 2 | |u http://www.sehepunkte.de/2004/03/2723.html |m V:DE-576;X:Sehepunkte |q text/html |v 20180424122851 |3 Rezension |7 1 |
| 856 | 4 | 2 | |u https://scans.hebis.de/HEBCGI/show.pl?11067732_rez.pdf |m V:DE-576 |q application/pdf |3 Rezension |7 1 |
| 856 | 4 | 2 | |u https://scans.hebis.de/HEBCGI/show.pl?11067732_toc.pdf |m V:DE-605 |q application/pdf |3 Inhaltsverzeichnis |7 1 |
| 935 | |a BWLB | ||
| 935 | |i Blocktest | ||
| 936 | r | v | |a LH 60400 |b Kunstsammeln |k Kunstgeschichte |k Allgemeines. Allgemeine Kunstgeschichte |k Kunstkennerschaft und Mäzenatentum |k Kunstsammeln |0 (DE-627)1270643045 |0 (DE-625)rvk/94195: |0 (DE-576)200643045 |
| 936 | b | k | |a 20.00 |j Kunstwissenschaften: Allgemeines |0 (DE-627)106406493 |
| 936 | s | n | |a l300 |2 mzub |
| 951 | |a BO | ||
| 990 | |a Boisserée, Sulpiz | ||
| 990 | |a Sammlung | ||
| 990 | |a Boisserée, Melchior | ||
| 990 | |a Sammlung | ||
| 990 | |a Deutschland | ||
| 990 | |a Malerei | ||
| 990 | |a Geschichte 1400-1530 | ||
| 990 | |a Sammlung | ||
| 990 | |a Deutschland | ||
| 990 | |a Malerei | ||
| 990 | |a Geschichte 1400-1530 | ||
| 990 | |a Sammlung | ||
| 990 | |a Rezeption | ||
| 990 | |a Geschichte 1804-1827 | ||
| 990 | |a Boisserée, Sulpiz | ||
| 990 | |a Sammlung | ||
| 990 | |a Boisserée, Melchior | ||
| 990 | |a Sammlung | ||
| 990 | |a Deutschland | ||
| 990 | |a Malerei | ||
| 990 | |a Geschichte 1400-1530 | ||
| 990 | |a Sammlung | ||
| 990 | |a Deutschland | ||
| 990 | |a Malerei | ||
| 990 | |a Geschichte 1400-1530 | ||
| 990 | |a Sammlung | ||
| 990 | |a Rezeption | ||
| 990 | |a Geschichte 1804-1827 | ||
| 991 | |a Rezensiertes Werk | ||
| 999 | |a KXP-PPN357846923 |e 4988410021 | ||


